Los Aonikenk: historia y cultura

Guardat en:
Dades bibliogràfiques
Autor principal: Martinic Beros, Mateo (autor)
Format: Llibre
Idioma:espanyol
Publicat: Punta Arenas, Chile Ediciones Universidad de Magallanes 1995
Matèries:
Etiquetes: Afegir etiqueta
Sense etiquetes, Sigues el primer a etiquetar aquest registre!

MARC

LEADER 00000nam a2200000 a 4500
001 UCZ2026
003 CL-VaPUC
005 20250225123813.0
008 950925e19950000CL |||||||||||||||||spa|d
999 |c 238686  |d 238684 
040 |c Pontificia Universidad Católica de Valparaíso 
082 0 4 |a 305.8983 MAR 1995  |2 21 
100 |a Martinic Beros, Mateo  |e autor  |9 315280 
245 1 4 |a Los Aonikenk:  |b  historia y cultura 
260 |a Punta Arenas, Chile  |b Ediciones Universidad de Magallanes  |c 1995 
300 |a 387 páginas 
583 |a last modification  |c 19950925 00:00:00  |k Rodrigo Vera 
610 |2 AONIKENK 
650 0 |a Historia  |x INDIGENAS  |9 255047 
650 0 |a Culturas en vías de desaparición  |x CULTURAS INDIGENAS  |9 345785 
650 0 |a Costumbres y tradiciones   |x ETNOGRAFIA  |z CHILE  |9 268292 
650 0 |a Antropología cultural y social   |z CHILE  |9 265143 
852 |a BIBCUR 
942 |c BK  |2 ddc 
945 |d 19950925 00:00:00  |a rbrito 
952 |0 0  |1 0  |2 ddc  |4 0  |6 305_898300000000000_MAR_1995  |7 0  |8 A  |9 249055  |a BIBHIS  |b BIBHIS  |d 2019-11-18  |i 3133567  |o 305.8983 MAR 1995  |p 3133567  |r 2025-01-20  |t 1  |w 2019-11-18  |y BK  |k HIS